Guide des etrangers dans la Ville d'Anvers, ou, Description succinte de tous les principaux objets d' art en peinture, sculpture, architecture, etc.

Detalles Bibliográficos
Formato: Libro
Lenguaje:Undetermined
French
Publicado: s.l. : de l' imprimerie Philippe Ville, s. a.
Materias:
Colección:Banco de datos
Acervo:Biblioteca Palafoxiana. Colección bibliográfica
Descripción Física:102, [24] p. ; 4°
Tema general:Artes
Notas:Sello en tinta: Biblioteca Pública Palafoxiana. Número de localización: 30818
LEADER 00633nam a2200157Ia 4500
008 150723s9999 xx 000 0 und d
041 0 |a fre 
050 0 |a PAFX NX290 G8 
245 1 0 |a Guide des etrangers dans la Ville d'Anvers, ou, Description succinte de tous les principaux objets d' art en peinture, sculpture, architecture, etc. 
260 |a s.l. : de l' imprimerie Philippe Ville, s. a. 
300 |a 102, [24] p. ; 4° 
500 |a Sello en tinta: Biblioteca Pública Palafoxiana. Número de localización: 30818 
650 1 0 |a Artes 
942 |c PALALIB 
943 |g Biblioteca Palafoxiana. Colección bibliográfica 
999 |c 1045351  |d 1045351